| 000 | 00588nam a2200217Ia 4500 | ||
|---|---|---|---|
| 001 | 20568 | ||
| 003 | DO-CoUTE | ||
| 005 | 20260204212605.0 | ||
| 008 | 220104s9999 dr 000 0 spa d | ||
| 020 | _a978-84-200-1172-1 | ||
| 040 |
_aDO-CoUTE _bspa _cDO-CoUTE |
||
| 041 | 0 | _aspa | |
| 082 | _a639.8 ST854a | ||
| 100 | 1 | _aStickney, Robert | |
| 245 | 1 | 0 | _aAcuicultura: Texto introductorio / Robert Stickney |
| 260 | _aZaragoza, España : Editorial Acribia | ||
| 300 | _a399 páginas | ||
| 942 |
_2ddc _cBK |
||
| 999 |
_c20927 _d20927 |
||